| 000 | 01297cam a2200229 4500 | ||
|---|---|---|---|
| 001 | WB3911-14 | ||
| 008 | 030318n2003 000 0 eng u | ||
| 035 | _a(Sirsi) u121654 | ||
| 245 | _aRural tourism | ||
| 260 | _c2003 | ||
| 490 |
_aPlanning (for the Natural and Built Environment) _v(1510) 14 March 2003, 3(1) |
||
| 520 | _aCountry Land & Business Association warns that rural tourism is hampered by the interpretation and operation of planning rules. Argues that planning rules are often over restrictive in many areas such as roadside advertisements. Local planning authorities are encouraged to apply flexibility to applications for converting barns and to the use of standard highway criteria. Refers to an ICM poll on the publics attitude to the countryside which shows that 85% would support a scheme that gives incentives to visitors to the countryside to spend their money on local goods and services. For the Country Land & Business Association News Release: http://www.cla.org.uk/Documentt.php?docno=457 | ||
| 590 | _aWB | ||
| 650 | _aCOUNTRY LAND AND BUSINESS ASSOCIATION | ||
| 650 | _aRURAL TOURISM | ||
| 650 | _aPLANNING SYSTEM | ||
| 650 | _aPLANNING AUTHORITIES | ||
| 650 | _aLISTED BUILDINGS | ||
| 650 | _aTOURISM INDUSTRY | ||
| 690 | _aRURAL-MARKET | ||
| 942 | _n0 | ||
| 999 |
_c72315 _d72315 |
||